[Event "AUTO-OPEN-1696"]
[Site "http://www.queenalice.com/game.php?id=654869"]
[Date "2009.9.19"]
[Round "1"]
[White "DrIgO"]
[Black "johnchess"]
[Result "0-1"]
[WhiteElo "1583"]
[BlackElo "1665"]

1. d4 Nf6 2. Nf3 d5 3. g3 g6 4. Bg2 Bg7 5. Ne5 O-O 6. Bf4 Nc6 7. c3 Nxe5 8. dxe5
Ng4 9. O-O c6 10. b3 Bxe5 11. e3 Bg7 12. c4 dxc4 13. Qc2 cxb3 14. axb3 Bxa1 15.
Rd1 Qb6 16. Na3 Bg7 17. Qe4 e5 18. Nc4 Qxb3 19. Rc1 exf4 20. exf4 Bf5 21. Qe7
Rfe8 22. Qd6 Rad8 23. Qc5 Rd1+ 24. Rxd1 Qxd1+ 25. Bf1 Bd3 26. Nd2 Re1 27. Qxa7
Rxf1+ 28. Nxf1 Qxf1# 0-1

[Event "AUTO-OPEN-1699"]
[Site "http://www.queenalice.com/game.php?id=656276"]
[Date "2009.9.22"]
[Round "1"]
[White "robinud"]
[Black "johnchess"]
[Result "1-0"]
[WhiteElo "1701"]
[BlackElo "1408"]

1. e4 c5 2. Bc4 e6 3. Nf3 Nc6 4. d3 Nf6 5. Bf4 d5 6. exd5 exd5 7. Bb5 Bd6 8.
Bxc6+ bxc6 9. Qe2+ Be6 10. Bxd6 Qxd6 11. O-O O-O 12. b3 Rfe8 13. c4 d4 14. Qc2
Bg4 15. Nbd2 Re2 16. Rae1 Bxf3 17. Rxe2 Bxe2 18. Re1 1-0

[Event "AUTO-OPEN-1699"]
[Site "http://www.queenalice.com/game.php?id=656277"]
[Date "2009.9.22"]
[Round "1"]
[White "johnchess"]
[Black "robinud"]
[Result "0-1"]
[WhiteElo "1413"]
[BlackElo "1696"]

1. d4 d5 2. c4 Nf6 3. Nc3 dxc4 4. Nf3 Nc6 5. e3 Be6 6. e4 g6 7. d5 Na5 8. Qa4+
Bd7 9. Qxa5 Bg7 10. Bxc4 b6 11. Qa6 O-O 12. O-O e6 13. Bg5 exd5 14. Nxd5 Re8 15.
e5 Bc8 16. Qa3 c6 17. Nxf6+ Bxf6 18. Bxf6 Qc7 0-1

[Event "AUTO-OPEN-1699"]
[Site "http://www.queenalice.com/game.php?id=656304"]
[Date "2009.9.22"]
[Round "1"]
[White "edlincoln"]
[Black "johnchess"]
[Result "1-0"]
[WhiteElo "1684"]
[BlackElo "1340"]

1. e4 e5 2. Nf3 Nc6 3. Bc4 Nf6 4. Nc3 Nxe4 5. Nxe4 d5 6. Bxd5 Qxd5 7. d3 Bg4 8.
c4 Bb4+ 9. Bd2 Qxd3 10. Bxb4 Qxe4+ 11. Qe2 Qxe2+ 12. Kxe2 Nxb4 13. Rhd1 e4 14.
a3 Nc6 15. b4 O-O 16. Ke3 exf3 17. gxf3 Bf5 18. Ke2 Rfe8+ 19. Kf1 1-0

[Event "AUTO-OPEN-1699"]
[Site "http://www.queenalice.com/game.php?id=656305"]
[Date "2009.9.22"]
[Round "1"]
[White "johnchess"]
[Black "edlincoln"]
[Result "0-1"]
[WhiteElo "1338"]
[BlackElo "1686"]

1. d4 d5 2. c4 e6 3. Nf3 Nf6 4. Nc3 Nc6 5. e3 b6 6. cxd5 exd5 7. Bb5 Bd7 8. O-O
Bd6 9. Re1 O-O 10. Qb3 a6 11. Bd3 Na5 12. Qc2 c5 13. e4 cxd4 14. Nxd5 Nxd5 15.
exd5 Rc8 16. Bxh7+ Kh8 17. Qd3 Qc7 0-1

[Event "AUTO-OPEN-1699"]
[Site "http://www.queenalice.com/game.php?id=656322"]
[Date "2009.9.22"]
[Round "1"]
[White "Givanildo"]
[Black "johnchess"]
[Result "0-1"]
[WhiteElo "1435"]
[BlackElo "1609"]

1. e4 e5 2. Qf3 Nf6 3. Bc4 Nc6 4. c3 Na5 5. Bxf7+ Kxf7 6. d4 d6 7. d5 Be7 8. h3
Rf8 9. g4 Kg8 10. g5 Nxd5 11. Qd3 Nf4 12. Qg3 Bxg5 13. Bxf4 Rxf4 14. Nf3 Bh4 15.
Nxh4 Qxh4 16. Qxh4 Rxh4 17. Nd2 Rxh3 18. Rg1 Be6 19. O-O-O Bxa2 20. Rg5 Nb3+ 21.
Nxb3 Bxb3 22. Rdg1 g6 23. f4 exf4 24. Rb5 Ba4 25. Rxb7 c5 26. e5 dxe5 27. Re1 e4
28. Rxe4 Bc6 29. Rbe7 Bxe4 30. Rxe4 f3 31. Kd1 Rh1+ 32. Kd2 Rd8+ 33. Kc2 f2 34.
b4 f1=Q 35. bxc5 Qb1# 0-1

[Event "AUTO-OPEN-1699"]
[Site "http://www.queenalice.com/game.php?id=656323"]
[Date "2009.9.22"]
[Round "1"]
[White "johnchess"]
[Black "Givanildo"]
[Result "1-0"]
[WhiteElo "1500"]
[BlackElo "1426"]

1. d4 e6 2. e4 d5 3. Nc3 Bb4 4. e5 h6 5. Nf3 Bxc3+ 6. bxc3 a6 7. Bd3 g5 8. O-O
g4 9. Ne1 b5 10. Qxg4 h5 11. Qg7 Rh6 12. Qxg8+ Kd7 13. Qxf7+ Kc6 14. Bxh6 Bd7
15. a4 Be8 16. axb5+ Kb6 17. Qxe6+ Kb7 18. Nf3 Bd7 19. Qxd5+ Kc8 20. Qxa8 h4 21.
bxa6 Bc6 22. Bf5+ Bd7 23. Qb7# 1-0

[Event "AUTO-OPEN-1700"]
[Site "http://www.queenalice.com/game.php?id=656763"]
[Date "2009.9.23"]
[Round "1"]
[White "johnchess"]
[Black "carpe_diem"]
[Result "0-1"]
[WhiteElo "1671"]
[BlackElo "1798"]

1. d4 d5 2. c4 e6 3. Nc3 Nf6 4. Nf3 c6 5. e3 Nbd7 6. Bd3 dxc4 7. Bxc4 b5 8. Bd3
a6 9. O-O Bb7 10. e4 Be7 11. e5 Nd5 12. Bd2 O-O 13. a4 Nb4 14. Qe2 Nd5 15. Ne4
f6 16. exf6 N7xf6 17. Nxf6+ Nxf6 18. Qxe6+ Kh8 19. Ng5 Qe8 20. Rfe1 Ng8 21. Nxh7
Bc8 0-1

[Event "AUTO-OPEN-1700"]
[Site "http://www.queenalice.com/game.php?id=656764"]
[Date "2009.9.23"]
[Round "1"]
[White "carpe_diem"]
[Black "johnchess"]
[Result "1-0"]
[WhiteElo "1784"]
[BlackElo "1729"]

1. d4 Nf6 2. c4 e6 3. Nc3 Bb4 4. e3 O-O 5. Nf3 c5 6. dxc5 Bxc5 7. a3 d5 8. b4
Bd6 9. cxd5 exd5 10. Nxd5 Nxd5 11. Bc4 Be6 12. Bb2 Nc6 13. Bxd5 Bxd5 14. O-O Re8
15. Kh1 Bxf3 16. Qxf3 Be5 17. Rad1 Qc7 18. Bxe5 Qxe5 19. Rd7 Re7 20. Rd5 Qe4 21.
Qxe4 1-0

[Event "AUTO-OPEN-1700"]
[Site "http://www.queenalice.com/game.php?id=656765"]
[Date "2009.9.23"]
[Round "1"]
[White "johnchess"]
[Black "Lorfman"]
[Result "0-1"]
[WhiteElo "1455"]
[BlackElo "2709"]

1. d4 Nf6 2. c4 g6 3. Nc3 Bg7 4. e4 d6 5. Nf3 O-O 6. Be2 e5 7. O-O Nc6 8. d5 Ne7
9. b4 Nh5 10. g3 a5 11. b5 b6 12. Be3 Nf6 13. Nd2 Nd7 14. a4 f5 0-1

[Event "AUTO-OPEN-1700"]
[Site "http://www.queenalice.com/game.php?id=656766"]
[Date "2009.9.23"]
[Round "1"]
[White "Lorfman"]
[Black "johnchess"]
[Result "1-0"]
[WhiteElo "2708"]
[BlackElo "1455"]

1. e4 e5 2. Nf3 Nc6 3. Bc4 Bc5 4. b4 Bxb4 5. c3 Ba5 6. d4 exd4 7. O-O Nf6 8. Ba3
d6 9. e5 Ne4 10. exd6 Nxd6 11. Re1+ Ne7 12. Ng5 O-O 13. Nxf7 Rxf7 14. Bxf7+ Kxf7
15. Qh5+ 1-0

[Event "AUTO-OPEN-1700"]
[Site "http://www.queenalice.com/game.php?id=656767"]
[Date "2009.9.23"]
[Round "1"]
[White "johnchess"]
[Black "RSRocha"]
[Result "0-1"]
[WhiteElo "1530"]
[BlackElo "1662"]

1. d4 d6 2. e4 g6 3. Nc3 Bg7 4. Nf3 Nc6 5. Be3 Nf6 6. Qd2 O-O 7. d5 Ne5 8. Nxe5
dxe5 9. O-O-O e6 10. Bc5 Re8 11. Bb5 Bd7 12. dxe6 Rxe6 13. Bxd7 Ra6 14. Bb5
Qxd2+ 15. Rxd2 Re6 16. Rhd1 b6 0-1

[Event "AUTO-OPEN-1700"]
[Site "http://www.queenalice.com/game.php?id=656768"]
[Date "2009.9.23"]
[Round "1"]
[White "RSRocha"]
[Black "johnchess"]
[Result "1-0"]
[WhiteElo "1673"]
[BlackElo "1508"]

1. e4 c5 2. Nf3 d6 3. d4 cxd4 4. Nxd4 Nf6 5. Nc3 a6 6. Bc4 e6 7. Bg5 Nbd7 8. h4
b5 9. Ndxb5 axb5 10. Bxb5 Be7 11. h5 Ba6 12. Bc6 Rc8 13. Bxd7+ Qxd7 14. h6 Qb7
15. hxg7 Rg8 16. Bxf6 Bxf6 17. a4 1-0